|
|
|
|
| LEADER |
00875pam a22002418a 4500 |
| 001 |
00024757 |
| 005 |
20171026081022.0 |
| 008 |
110723s2006 ||||||Viesd |
| 020 |
|
|
|c 20000
|
| 041 |
0 |
# |
|a Vie
|
| 082 |
1 |
4 |
|a 324.259 707
|b V115K
|
| 110 |
1 |
# |
|a Đảng cộng sản Việt Nam
|
| 245 |
0 |
0 |
|a Văn kiện đại hội đại biểu toàn quốc lần thứ X
|
| 260 |
# |
# |
|a H.
|b CTQG
|c 2006
|
| 300 |
# |
# |
|a 376tr.
|c 19 cm.
|
| 650 |
# |
4 |
|a Đảng cộng sản Việt Nam
|
| 653 |
# |
# |
|a Văn kiện
|a Đại hội đại biểu toàn quốc lần X
|
| 852 |
# |
# |
|b Kho giáo trình
|j KGT.0017690, KGT.0017691, KGT.0017692
|
| 852 |
# |
# |
|b Kho mượn
|j KGT.0017690
|
| 852 |
# |
# |
|j KGT.0017690
|j KGT.0017691
|j KGT.0017692
|
| 910 |
|
|
|d 23/07/2011
|
| 980 |
# |
# |
|a Trung tâm Học liệu Lê Vũ Hùng, Trường Đại học Đồng Tháp
|